[Event "Orlova op-A 12th"]
[Site "Orlova"]
[Date "2015.05.31"]
[Round "9"]
[White "Cvik, Stepan"]
[Black "Sebesta, Petr"]
[Result "0-1"]
[WhiteElo "1789"]
[BlackElo "1610"]
[PlyCount "82"]
[EventDate "2015.05.24"]
[EventType "swiss"]
[EventRounds "9"]
[EventCountry "CZE"]
[SourceTitle "CBM 166 Extra"]
[Source "ChessBase"]
[SourceDate "2015.06.18"]
[SourceVersion "1"]
[SourceVersionDate "2015.06.18"]
[SourceQuality "1"]

1. Nf3 Nf6 2. c4 g6 3. b4 d5 4. Qc2 Bg7 5. d4 dxc4 6. Qxc4 Nfd7 7. Bb2 Nb6 8. Qd3 Nc6 9. b5 Nb4 10. Qd2 a5 11. a3 N4d5 12. e4 Nf6 13. Bd3 Na4 14. Qc2 Nxb2 15. Qxb2 0-0 16. 0-0 Nh5 17. g3 Qd6 18. Nbd2 Bg4 19. e5 Qd7 20. Be4 e6 21. Nc4 Bxf3 22. Bxf3 Rad8 23. Rfd1 b6 24. a4 f6 25. Qe2 fxe5 26. dxe5 Qf7 27. Kg2 Qf5 28. h4 Qf7 29. Bxh5 gxh5 30. f4 Kh8 31. Ne3 Rg8 32. Qc4 Bh6 33. Kh2 Rdf8 34. Rd4 Rg6 35. Rad1 Qg8 36. Nf1 Rg4 37. R1d3 Bxf4 38. Rxf4 Rfxf4 39. Qc1 Rf2+ 40. Kh3 Rgf4 41. Nh2 Rxh4+ 0-1

[Event "Orlova op-A 12th"]
[Site "Orlova"]
[Date "2015.05.30"]
[Round "7"]
[White "Olsar, Zdenek"]
[Black "Sebesta, Petr"]
[Result "1-0"]
[WhiteElo "1929"]
[BlackElo "1610"]
[PlyCount "29"]
[EventDate "2015.05.24"]
[EventType "swiss"]
[EventRounds "9"]
[EventCountry "CZE"]
[SourceTitle "CBM 166 Extra"]
[Source "ChessBase"]
[SourceDate "2015.06.18"]
[SourceVersion "1"]
[SourceVersionDate "2015.06.18"]
[SourceQuality "1"]

1. e4 c5 2. Nf3 d6 3. d4 cxd4 4. Nxd4 Nf6 5. Nc3 a6 6. Bg5 e6 7. f4 Be7 8. Qf3 Qc7 9. 0-0-0 b5 10. e5 Bb7 11. Qg3 dxe5 12. fxe5 Ne4 13. Nxe4 Bxe4 14. Bxe7 Kxe7 15. Qh4+ 1-0

[Event "Orlova op 10th"]
[Site "Orlova"]
[Date "2013.05.18"]
[Round "6"]
[White "Havlik, Vlastimil"]
[Black "Sebesta, Petr"]
[Result "1-0"]
[WhiteElo "1809"]
[BlackElo "2092"]
[PlyCount "81"]
[EventDate "2013.05.13"]
[EventType "swiss"]
[EventRounds "9"]
[EventCountry "CZE"]
[SourceTitle "CBM 154 Extra"]
[Source "ChessBase"]
[SourceDate "2013.06.25"]
[SourceVersion "2"]
[SourceVersionDate "2013.06.25"]
[SourceQuality "1"]

1. d4 Nf6 2. c4 g6 3. Nc3 d5 4. e3 Bg7 5. Qb3 dxc4 6. Bxc4 0-0 7. Nf3 Nbd7 8. 0-0 Nb6 9. Be2 Nfd5 10. Bd2 Nxc3 11. Bxc3 c6 12. Qc2 Re8 13. Rfd1 Bg4 14. h3 Bxf3 15. Bxf3 f5 16. Ba5 e6 17. Qb3 Bf8 18. Bb4 Bxb4 19. Qxb4 Qe7 20. Qb3 Rf8 21. Rd2 Rf6 22. a3 Raf8 23. e4 fxe4 24. Bxe4 Kg7 25. Rf1 Qd7 26. Rfd1 Qd6 27. g3 R8f7 28. Bg2 Nd5 29. Qd3 Rd7 30. b4 Nc7 31. Qc4 Nd5 32. Re1 Nb6 33. Qa2 Re7 34. h4 Nd5 35. Qb3 Rf8 36. Rde2 Nc7 37. Rd1 Rd8 38. Red2 Rde8 39. a4 Nd5 40. b5 Qb4 41. Bxd5 1-0

[Event "Chrudim op"]
[Site "Chrudim"]
[Date "2004.07.12"]
[Round "8"]
[White "Kulhanek, Tomas"]
[Black "Sebesta, Petr"]
[Result "1-0"]
[WhiteElo "2376"]
[BlackElo "2111"]
[PlyCount "81"]
[EventDate "2004.07.06"]
[EventType "swiss"]
[EventRounds "9"]
[EventCountry "CZE"]
[SourceTitle "EXT 2006"]
[Source "ChessBase"]
[SourceDate "2005.11.24"]
[SourceVersion "1"]
[SourceVersionDate "2005.11.24"]
[SourceQuality "1"]

1. e4 e6 2. d3 d5 3. Nd2 c5 4. Ngf3 Nc6 5. g3 Bd6 6. Bg2 Nge7 7. 0-0 0-0 8. Re1 f6 9. c3 Qc7 10. a3 Bd7 11. b4 Rac8 12. Bb2 Qb6 13. Rb1 Ng6 14. bxc5 Qxc5 15. d4 Qb6 16. c4 dxc4 17. Nxc4 Qc7 18. e5 fxe5 19. Nxd6 Qxd6 20. dxe5 Qxd1 21. Rbxd1 Rfd8 22. Rd6 Nf8 23. Red1 h6 24. Nd4 Nxd4 25. Bxd4 b6 26. Be3 Kf7 27. f4 Ke7 28. g4 Ba4 29. R1d4 Bc2 30. Bb7 Rb8 31. Ba6 Bb3 32. Bd2 Rxd6 33. Bb4 Rbd8 34. Rxd6 Rxd6 35. Bxd6+ Ke8 36. Bb5+ Nd7 37. Kf2 g6 38. Ke3 Bd1 39. h3 Bc2 40. Kd4 Bd1 41. f5 1-0

[Event "Chrudim op"]
[Site "Chrudim"]
[Date "2004.07.08"]
[Round "3"]
[White "Sebesta, Petr"]
[Black "Pokora, Lubomir"]
[Result "1/2-1/2"]
[WhiteElo "2111"]
[BlackElo "1889"]
[PlyCount "46"]
[EventDate "2004.07.06"]
[EventType "swiss"]
[EventRounds "9"]
[EventCountry "CZE"]
[SourceTitle "EXT 2006"]
[Source "ChessBase"]
[SourceDate "2005.11.24"]
[SourceVersion "1"]
[SourceVersionDate "2005.11.24"]
[SourceQuality "1"]

1. e4 e5 2. Nc3 Nf6 3. Bc4 Be7 4. d3 d6 5. f4 c6 6. Nf3 Nbd7 7. Bb3 Qc7 8. 0-0 Nc5 9. Qe1 Nxb3 10. axb3 b6 11. Ne2 Bb7 12. Bd2 Nd7 13. fxe5 dxe5 14. Ng5 Bf6 15. Ng3 g6 16. Qf2 h6 17. Nf3 Bg7 18. Qe3 0-0 19. h4 a6 20. h5 Rae8 21. Nh2 Nf6 22. Rf3 Bc8 23. Raf1 Ng4 1/2-1/2

[Event "Chrudim op"]
[Site "Chrudim"]
[Date "2004.07.08"]
[Round "4"]
[White "Sebesta, Petr"]
[Black "Pokorny, Petr"]
[Result "1/2-1/2"]
[WhiteElo "2111"]
[BlackElo "2292"]
[PlyCount "39"]
[EventDate "2004.07.06"]
[EventType "swiss"]
[EventRounds "9"]
[EventCountry "CZE"]
[SourceTitle "EXT 2006"]
[Source "ChessBase"]
[SourceDate "2005.11.24"]
[SourceVersion "1"]
[SourceVersionDate "2005.11.24"]
[SourceQuality "1"]

1. e4 c5 2. Nf3 d6 3. d4 cxd4 4. Nxd4 Nf6 5. Nc3 a6 6. Bc4 e6 7. Bb3 Nbd7 8. 0-0 Nc5 9. Qe2 Qc7 10. Kh1 Be7 11. f4 0-0 12. a3 Nxb3 13. Nxb3 b5 14. e5 Nd5 15. Nxd5 exd5 16. Nd4 Qc4 17. Be3 Qxe2 18. Nxe2 dxe5 19. fxe5 Be6 20. Bd4 1/2-1/2

[Event "Chrudim op"]
[Site "Chrudim"]
[Date "2003.07.10"]
[Round "5"]
[White "Kozak, Milos"]
[Black "Sebesta, Petr"]
[Result "1-0"]
[WhiteElo "2232"]
[BlackElo "2179"]
[PlyCount "61"]
[EventDate "2003.07.??"]
[EventType "swiss"]
[EventRounds "9"]
[EventCountry "CZE"]
[SourceTitle "EXT 2006"]
[Source "ChessBase"]
[SourceDate "2005.11.24"]
[SourceVersion "1"]
[SourceVersionDate "2005.11.24"]
[SourceQuality "1"]

1. d4 e6 2. Nf3 Nf6 3. c4 b6 4. a3 Bb7 5. Nc3 d5 6. Bg5 Be7 7. Qa4+ c6 8. cxd5 exd5 9. Bxf6 Bxf6 10. g3 0-0 11. Bg2 c5 12. Rd1 c4 13. Ne5 a6 14. f4 Be7 15. Qc2 f6 16. Nxc4 dxc4 17. Bxb7 Ra7 18. Bd5+ Kh8 19. Bxc4 Rd7 20. e3 Nc6 21. 0-0 b5 22. Be6 Rd6 23. f5 Na5 24. Ne4 Rc6 25. Nc5 Qc7 26. b4 Nb7 27. Qg2 Nxc5 28. dxc5 Rxe6 29. fxe6 Qe5 30. Rd3 Qxe6 31. Qd5 1-0

[Event "Chrudim op"]
[Site "Chrudim"]
[Date "2003.07.10"]
[Round "6"]
[White "Sebesta, Petr"]
[Black "Hajek, Lukas"]
[Result "1/2-1/2"]
[WhiteElo "2179"]
[BlackElo "2046"]
[PlyCount "43"]
[EventDate "2003.07.??"]
[EventType "swiss"]
[EventRounds "9"]
[EventCountry "CZE"]
[SourceTitle "EXT 2006"]
[Source "ChessBase"]
[SourceDate "2005.11.24"]
[SourceVersion "1"]
[SourceVersionDate "2005.11.24"]
[SourceQuality "1"]

1. e4 g6 2. d4 d6 3. Nc3 Bg7 4. Be3 Nf6 5. h3 0-0 6. f4 Nbd7 7. e5 Ne8 8. Qd2 c5 9. exd6 cxd4 10. Bxd4 Nxd6 11. Bxg7 Kxg7 12. 0-0-0 b6 13. Be2 Bb7 14. Bf3 Nf6 15. g4 Bxf3 16. Nxf3 Nb7 17. Qe3 Qc7 18. f5 Rad8 19. Rxd8 Rxd8 20. Re1 Qg3 21. Ne5 Qxe3+ 22. Rxe3 1/2-1/2

[Event "Chrudim op"]
[Site "Chrudim"]
[Date "2003.07.09"]
[Round "4"]
[White "Sebesta, Petr"]
[Black "Hybl, Vladislav"]
[Result "1-0"]
[WhiteElo "2179"]
[BlackElo "1813"]
[PlyCount "79"]
[EventDate "2003.07.??"]
[EventType "swiss"]
[EventRounds "9"]
[EventCountry "CZE"]
[SourceTitle "EXT 2006"]
[Source "ChessBase"]
[SourceDate "2005.11.24"]
[SourceVersion "1"]
[SourceVersionDate "2005.11.24"]
[SourceQuality "1"]

1. e4 e6 2. d4 d5 3. Nd2 f5 4. exf5 exf5 5. Ndf3 Nf6 6. Bf4 Be7 7. Bd3 0-0 8. Ne2 Ne4 9. Ne5 Be6 10. f3 Nd6 11. c3 Nd7 12. Qc2 Nxe5 13. Bxe5 Nc4 14. Nf4 Bc8 15. Bxc4 dxc4 16. 0-0 b5 17. b3 g5 18. Nh3 Be6 19. f4 cxb3 20. axb3 g4 21. Nf2 c5 22. h3 gxh3 23. Nxh3 Qd5 24. Rf3 Bf6 25. Rg3+ Kh8 26. Ng5 cxd4 27. cxd4 Bxe5 28. dxe5 Qd4+ 29. Kh2 Qxf4 30. Qc7 Bg8 31. Nh3 Rf7 32. Qc3 Qh6 33. Ra6 Qf8 34. e6+ Rg7 35. Nf4 Re8 36. Nh5 b4 37. Qb2 Ree7 38. Nxg7 Rxg7 39. Rxa7 Bxe6 40. Raxg7 1-0

[Event "CZE-ch opA U18"]
[Site "Frymburk"]
[Date "2002.??.??"]
[Round "2"]
[White "Sebesta, Petr"]
[Black "Karaba, David"]
[Result "1-0"]
[WhiteElo "2111"]
[BlackElo "1567"]
[PlyCount "53"]
[EventDate "2002.03.??"]
[EventType "swiss"]
[EventRounds "8"]
[EventCountry "CZE"]
[SourceTitle "EXT 2004"]
[Source "ChessBase"]
[SourceDate "2003.11.25"]
[SourceVersion "1"]
[SourceVersionDate "2003.11.25"]
[SourceQuality "1"]

1. e4 e5 2. Bc4 Nf6 3. d3 Bc5 4. Nc3 d6 5. Bg5 a6 6. Nf3 Be6 7. Bb3 h6 8. Be3 Nbd7 9. Ne2 Bxe3 10. fxe3 Nc5 11. Bxe6 Nxe6 12. Ng3 c6 13. 0-0 Nd7 14. c4 Qb6 15. Qd2 0-0 16. Nf5 Qc7 17. Qf2 Ndc5 18. Rad1 f6 19. Qh4 Rad8 20. b4 Na4 21. Qg4 Ng5 22. Nxg5 hxg5 23. h4 gxh4 24. Qxh4 Kf7 25. Qh5+ Kg8 26. Qg6 Rf7 27. Rf3 1-0

[Event "CZE-ch opA U18"]
[Site "Frymburk"]
[Date "2002.??.??"]
[Round "4"]
[White "Sebesta, Petr"]
[Black "Sabol, Marian"]
[Result "1/2-1/2"]
[WhiteElo "2111"]
[BlackElo "2215"]
[PlyCount "114"]
[EventDate "2002.03.??"]
[EventType "swiss"]
[EventRounds "8"]
[EventCountry "CZE"]
[SourceTitle "EXT 2004"]
[Source "ChessBase"]
[SourceDate "2003.11.25"]
[SourceVersion "1"]
[SourceVersionDate "2003.11.25"]
[SourceQuality "1"]

1. e4 d5 2. exd5 Nf6 3. d4 Nxd5 4. Nf3 g6 5. c4 Nb6 6. Nc3 Bg7 7. Be2 0-0 8. 0-0 Bg4 9. c5 N6d7 10. h3 Bxf3 11. Bxf3 c6 12. Bg5 h6 13. Bh4 g5 14. Bg3 e5 15. dxe5 Nxe5 16. Bxe5 Bxe5 17. Qxd8 Rxd8 18. Rad1 Na6 19. Ne4 Rab8 20. b3 Nb4 21. a4 Nd5 22. Rd2 Bf4 23. Rd4 f5 24. Ng3 Bxg3 25. Bxd5+ Rxd5 26. Rxd5 cxd5 27. fxg3 Kf7 28. b4 Kf6 29. Re1 Rc8 30. Kf2 a5 31. Rb1 axb4 32. Rxb4 Rxc5 33. Rxb7 Rc2+ 34. Kf3 h5 35. g4 hxg4+ 36. hxg4 Rc3+ 37. Kf2 fxg4 38. g3 Rf3+ 39. Kg2 Ra3 40. Rb4 Ra2+ 41. Kg1 Ke5 42. Rxg4 d4 43. Kf1 Rxa4 44. Rxg5+ Ke4 45. Rg8 Ke3 46. Re8+ Kd2 47. Kf2 d3 48. Rd8 Rc4 49. Rd7 Kc2 50. Ke3 Rc8 51. g4 Re8+ 52. Kf4 d2 53. g5 d1Q 54. Rxd1 Kxd1 55. g6 Ke2 56. Kf5 Kf3 57. g7 Ra8 1/2-1/2

[Event "Nachod op 7th"]
[Site "Nachod"]
[Date "2001.??.??"]
[Round "8"]
[White "Bernasek, Jan"]
[Black "Sebesta, Petr"]
[Result "1-0"]
[WhiteElo "2170"]
[BlackElo "2155"]
[PlyCount "57"]
[EventDate "2001.??.??"]
[EventType "swiss"]
[EventRounds "9"]
[EventCountry "CZE"]
[SourceTitle "EXT 2007"]
[Source "ChessBase"]
[SourceDate "2006.11.23"]
[SourceVersion "1"]
[SourceVersionDate "2006.11.23"]
[SourceQuality "1"]

1. d4 e6 2. c4 Nf6 3. Nf3 d5 4. g3 c6 5. Qc2 Be7 6. Bg2 0-0 7. 0-0 Nbd7 8. Nbd2 Re8 9. Rd1 Bf8 10. e4 dxc4 11. Nxc4 b5 12. Nce5 Bb7 13. Nxd7 Nxd7 14. Be3 Rc8 15. Rac1 Qc7 16. e5 h6 17. Nd2 Ba8 18. Ne4 Qd8 19. h4 f5 20. exf6 Nxf6 21. Nxf6+ Qxf6 22. Bf4 Qd8 23. Be5 Bd6 24. Qg6 Bxe5 25. dxe5 Qc7 26. Be4 c5 27. Qh7+ Kf8 28. Bg6 Qxe5 29. Rd7 1-0

[Event "Nachod op 7th"]
[Site "Nachod"]
[Date "2001.??.??"]
[Round "7"]
[White "Sebesta, Petr"]
[Black "Klicnar, Martin"]
[Result "1-0"]
[WhiteElo "2155"]
[BlackElo "2215"]
[PlyCount "121"]
[EventDate "2001.??.??"]
[EventType "swiss"]
[EventRounds "9"]
[EventCountry "CZE"]
[SourceTitle "EXT 2007"]
[Source "ChessBase"]
[SourceDate "2006.11.23"]
[SourceVersion "1"]
[SourceVersionDate "2006.11.23"]
[SourceQuality "1"]

1. e4 e5 2. Bc4 Nc6 3. Nc3 Nf6 4. d3 Na5 5. Nge2 Nxc4 6. dxc4 Bc5 7. Ng3 d6 8. Na4 Bb4+ 9. c3 Ba5 10. b4 Bb6 11. 0-0 Be6 12. Qe2 Qd7 13. Nb2 h6 14. a4 a5 15. Be3 Bxe3 16. Qxe3 Qc6 17. c5 dxc5 18. Nf5 Bxf5 19. exf5 0-0 20. b5 Qd5 21. Nd3 c4 22. Nxe5 Rfe8 23. f4 Ng4 24. Qd4 Qxd4+ 25. cxd4 Ne3 26. Rfc1 f6 27. Nxc4 Nxf5 28. Nd2 Re7 29. Nf3 Rd8 30. Rc4 Ne3 31. Rcc1 Nd5 32. g3 Kf7 33. Ra2 b6 34. Kf2 Rde8 35. Rac2 Re3 36. Ne5+ fxe5 37. Rxc7+ Re7 38. Rxe7+ Kxe7 39. dxe5 Rc3 40. Rd1 Ke6 41. Rd4 Rc2+ 42. Kf3 Rxh2 43. Rc4 Ne7 44. Rd4 Nf5 45. Rc4 Kd5 46. Rc7 Nd4+ 47. Ke3 Nf5+ 48. Kf3 Ra2 49. Kg4 g6 50. Rc6 Ne7 51. Rxb6 Rxa4 52. Rd6+ Ke4 53. Re6 Nf5 54. Rxg6 Ra3 55. Kh5 Rb3 56. b6 a4 57. b7 Rxb7 58. Rc6 Nxg3+ 59. Kxh6 Rb4 60. Kg5 Nf5 61. Rc5 1-0

[Event "Chrudim op"]
[Site "Chrudim"]
[Date "2001.??.??"]
[Round "?"]
[White "Slabko, Peter"]
[Black "Sebesta, Petr"]
[Result "1-0"]
[WhiteElo "2110"]
[BlackElo "2155"]
[PlyCount "81"]
[EventDate "2001.??.??"]
[EventType "swiss"]
[EventRounds "9"]
[EventCountry "CZE"]
[SourceTitle "EXT 2003"]
[Source "ChessBase"]
[SourceDate "2002.11.25"]
[SourceVersion "1"]
[SourceVersionDate "2002.11.25"]
[SourceQuality "1"]

1. d4 e6 2. Nf3 Nf6 3. Bg5 Be7 4. Nbd2 d5 5. e3 b6 6. Ne5 0-0 7. c3 Bb7 8. Bd3 Nbd7 9. Bb1 Ne4 10. Bxe7 Qxe7 11. Nxd7 Qxd7 12. 0-0 Nd6 13. Bd3 f6 14. Qh5 g6 15. Qh3 Qe7 16. Rae1 Rae8 17. e4 dxe4 18. Nxe4 Nxe4 19. Bxe4 Ba6 20. Bd3 Bxd3 21. Qxd3 Qd6 22. Qa6 Qc6 23. Re3 Re7 24. Rfe1 Qd5 25. a3 Rfe8 26. Qe2 e5 27. Rd1 e4 28. c4 Qd6 29. f3 f5 30. b4 exf3 31. Rxe7 Rxe7 32. Qxf3 Re4 33. Rd3 Rxd4 34. Re3 Rd1+ 35. Kf2 Qd4 36. Kg3 g5 37. Qa8+ Kf7 38. Qe8+ Kg7 39. Re7+ Kh6 40. Qf8+ Kg6 41. Qf7+ 1-0

[Event "Nachod op 6th"]
[Site "Nachod"]
[Date "2000.??.??"]
[Round "4"]
[White "Foukal, Frantisek"]
[Black "Sebesta, Petr"]
[Result "0-1"]
[WhiteElo "1820"]
[BlackElo "2045"]
[PlyCount "44"]
[EventDate "2000.??.??"]
[EventType "swiss"]
[EventRounds "9"]
[EventCountry "CZE"]
[SourceTitle "EXT 2003"]
[Source "ChessBase"]
[SourceDate "2002.11.25"]
[SourceVersion "1"]
[SourceVersionDate "2002.11.25"]
[SourceQuality "1"]

1. e4 e6 2. d4 d5 3. Nc3 Nf6 4. e5 Nfd7 5. f4 c5 6. Nf3 Nc6 7. Be3 a6 8. dxc5 Bxc5 9. Bxc5 Nxc5 10. Nd4 Bd7 11. Qd2 0-0 12. Be2 b5 13. Nb3 Nxb3 14. axb3 f6 15. exf6 Qxf6 16. 0-0 Qd4+ 17. Qxd4 Nxd4 18. Bd3 b4 19. Na4 Bb5 20. Nc5 Bxd3 21. Nxd3 Nxc2 22. Ra4 a5 0-1

[Event "Nachod op 6th"]
[Site "Nachod"]
[Date "2000.??.??"]
[Round "2"]
[White "Samek, Jiri"]
[Black "Sebesta, Petr"]
[Result "1/2-1/2"]
[WhiteElo "1645"]
[BlackElo "2045"]
[PlyCount "102"]
[EventDate "2000.??.??"]
[EventType "swiss"]
[EventRounds "9"]
[EventCountry "CZE"]
[SourceTitle "EXT 2003"]
[Source "ChessBase"]
[SourceDate "2002.11.25"]
[SourceVersion "1"]
[SourceVersionDate "2002.11.25"]
[SourceQuality "1"]

1. d4 e6 2. Nf3 Nf6 3. e3 b6 4. Bd3 Bb7 5. Nbd2 Be7 6. c3 d5 7. Ne5 Nbd7 8. f4 c5 9. Qf3 Qc7 10. Nxd7 Nxd7 11. e4 dxe4 12. Bxe4 Bxe4 13. Qxe4 Rd8 14. Nf3 Nf6 15. Qe2 0-0 16. 0-0 cxd4 17. Nxd4 Bc5 18. Qe5 Qxe5 19. fxe5 Bxd4+ 20. cxd4 Nd5 21. Bg5 Rc8 22. Rac1 h6 23. Rxc8 Rxc8 24. Rc1 Rxc1+ 25. Bxc1 Kf8 26. b3 Nc3 27. Kf2 Nxa2 28. Ba3+ Ke8 29. g4 Nc3 30. Kf3 Nb1 31. Bc1 b5 32. Ke3 Nc3 33. Ba3 b4 34. Bc1 Nd5+ 35. Kd3 Nb6 36. h4 Kd7 37. h5 Ke7 38. g5 hxg5 39. Bxg5+ Ke8 40. Bh4 a6 41. Bg5 a5 42. Bh4 a4 43. bxa4 Nxa4 44. Kc4 Nc3 45. Bg5 Ne2 46. Be3 Kf8 47. Kxb4 Kg8 48. Kc4 Ng3 49. d5 exd5+ 50. Kxd5 Nxh5 51. Kd6 Kf8 1/2-1/2

[Event "Nachod op 6th"]
[Site "Nachod"]
[Date "2000.??.??"]
[Round "9"]
[White "Sebesta, Petr"]
[Black "Picka, Michal"]
[Result "1/2-1/2"]
[WhiteElo "2045"]
[BlackElo "1865"]
[PlyCount "33"]
[EventDate "2000.??.??"]
[EventType "swiss"]
[EventRounds "9"]
[EventCountry "CZE"]
[SourceTitle "EXT 2003"]
[Source "ChessBase"]
[SourceDate "2002.11.25"]
[SourceVersion "1"]
[SourceVersionDate "2002.11.25"]
[SourceQuality "1"]

1. e4 e6 2. d4 d5 3. exd5 exd5 4. Bd3 Nc6 5. c3 Bd6 6. Qf3 Nge7 7. Ne2 Be6 8. Bf4 Qd7 9. Bxd6 Qxd6 10. 0-0 0-0-0 11. Nd2 g5 12. Rfe1 h5 13. Nf1 f5 14. Qe3 Bd7 15. Qxg5 Rhg8 16. Qf4 Qf6 17. Qe3 1/2-1/2